[Event "4NCL Division One"]
[Site "Daventry, ENG"]
[Date "2024.05.04"]
[EventDate "2024.05.04"]
[Round "9.13"]
[White "Alsina Leal, Daniel"]
[WhiteTitle "GM"]
[WhiteElo "2497"]
[WhiteTeam "Chessable White Rose 1"]
[Black "Wadsworth, Matthew J"]
[BlackTitle "IM"]
[BlackElo "2522"]
[BlackTeam "Wood Green"]
[Result "1/2-1/2"]

1. e4 e6 2. d4 d5 3. e5 c5 4. c3 Nc6 5. Nf3 Qb6 6. Bd3 cxd4 7. O-O Bd7 8. Re1
h6 9. Nbd2 Nge7 10. Nb3 dxc3 11. bxc3 Nf5 12. Rb1 Qc7 13. Bxf5 exf5 14. Nbd4
Be6 15. Qb3 Be7 16. Ba3 O-O 17. Bxe7 Qxe7 18. Qxb7 Qxb7 19. Rxb7 Rfc8 20. Nxe6
fxe6 21. Reb1 Nd8 22. Rd7 Rxc3 23. h4 g6 24. a4 Rac8 25. Rxa7 Rc1+ 26. Rxc1
Rxc1+ 27. Kh2 Nc6 28. Ra8+ Kg7 29. a5 Rc4 30. a6 Ra4 31. g3 d4 32. Rc8 Rxa6 33.
Rc7+ Kf8 34. Rd7 Ra5 35. Nxd4 Nxd4 36. Rxd4 Rxe5 37. Rd7 Rd5 38. Ra7 e5 39. f3
h5 40. Kg2 Rd6 41. Kf2 Re6 42. Rb7 Re7 43. Rb6 Kf7 44. Ra6 Re6 45. Ra7+ Kf6 46.
Ra8 Rb6 47. Re8 Ra6 48. Rf8+ Ke7 49. Rg8 Kf7 50. Rb8 Ra2+ 51. Kf1 Ra6 52. Kf2
Ke7 53. Rg8 Ra2+ 54. Kf1 Kf6 55. Rf8+ Ke6 56. Rg8 Kf7 57. Rb8 Rd2 58. Rb6 Rd4
59. Kf2 Rd2+ 60. Kf1 Rd4 61. Kf2 f4 62. gxf4 Rxf4 63. Kg3 Rf6 64. Rb4 Re6 65.
Re4 Kf6 66. f4 Kf5 67. Kf3 Re8 68. Rxe5+ Rxe5 1/2-1/2

[Event "4NCL Division One"]
[Site "Daventry, ENG"]
[Date "2024.05.04"]
[EventDate "2024.05.04"]
[Round "9.15"]
[White "Camacho Collados, Jose"]
[WhiteTitle "IM"]
[WhiteElo "2374"]
[WhiteTeam "Chessable White Rose 1"]
[Black "Gasanov, Eldar"]
[BlackTitle "GM"]
[BlackElo "2527"]
[BlackTeam "Wood Green"]
[Result "1-0"]

1. d4 Nf6 2. Nf3 e6 3. Bg5 h6 4. Bh4 d6 5. Nbd2 g5 6. Bg3 Nh5 7. e4 Bg7 8. c3
Qe7 9. Bd3 Nd7 10. O-O O-O 11. Re1 b6 12. Nf1 c5 13. d5 g4 14. N3d2 Nxg3 15.
Nxg3 Ne5 16. Nc4 Nxd3 17. Qxd3 Ba6 18. a4 Qg5 19. a5 Bb5 20. Nf1 exd5 21. exd5
Rae8 22. Rxe8 Rxe8 23. axb6 axb6 24. Nfe3 Qf4 25. Qf5 Qxf5 26. Nxf5 Bxc4 27.
Nxd6 Re2 28. Nxc4 b5 29. Kf1 Rc2 30. Ne3 Rxb2 31. Rd1 Kf8 32. d6 Ke8 33. Nd5
Kd7 34. Nb6+ Kc6 35. d7 Bf6 36. Nc8 Bd8 37. Nd6 Ra2 38. Nxf7 Ra8 39. Nxh6 b4
40. cxb4 cxb4 41. Nxg4 b3 42. Rb1 Rb8 43. Ne5+ Kd5 44. f4 Bf6 45. Ke2 Ke4 46.
g3 b2 47. Nc6 Rh8 48. h4 1-0

[Event "4NCL Division One"]
[Site "Daventry, ENG"]
[Date "2024.05.04"]
[EventDate "2024.05.04"]
[Round "9.16"]
[White "Murphy, Conor E"]
[WhiteTitle "IM"]
[WhiteElo "2515"]
[WhiteTeam "Wood Green"]
[Black "Wall, Tim P"]
[BlackTitle "FM"]
[BlackElo "2352"]
[BlackTeam "Chessable White Rose 1"]
[Result "1-0"]

1. e4 c6 2. d4 d5 3. exd5 cxd5 4. Bd3 Nf6 5. c3 Bg4 6. Qb3 Qc7 7. h3 Bh5 8. Ne2
Bg6 9. Bf4 Qd7 10. Bxg6 hxg6 11. Nd2 Nc6 12. O-O e6 13. Nf3 Be7 14. Nc1 Ne4 15.
Nd3 f6 16. Rfe1 g5 17. Bh2 O-O-O 18. c4 Bd6 19. Bxd6 Qxd6 20. Rac1 Kb8 21. cxd5
exd5 22. Nc5 Nxc5 23. dxc5 Qd7 24. Rcd1 d4 25. Re4 Qf5 26. Qd3 Qxc5 27. a3 f5
28. Ree1 g4 29. Ng5 Qd5 30. Qg3+ Kc8 31. hxg4 f4 32. Qxf4 Rdf8 33. Qd2 Qd6 34.
Nh3 Rh4 35. Qg5 Rfh8 36. Qxg7 d3 37. Re3 d2 38. Qc3 Rd8 39. Re2 Qd4 40. Qxd4
Nxd4 41. Rexd2 Rxg4 42. Kf1 1-0

[Event "4NCL Division One"]
[Site "Daventry, ENG"]
[Date "2024.05.04"]
[EventDate "2024.05.04"]
[Round "9.17"]
[White "Weller, Jean-Luc"]
[WhiteElo "2243"]
[WhiteTeam "Chessable White Rose 1"]
[Black "Turner, Matthew J"]
[BlackTitle "GM"]
[BlackElo "2487"]
[BlackTeam "Wood Green"]
[Result "0-1"]

1. c4 Nf6 2. Nc3 e6 3. g3 d5 4. Bg2 d4 5. Ne4 Nxe4 6. Bxe4 Be7 7. f4 Nd7 8. Nf3
Nc5 9. Bb1 O-O 10. b4 Nd7 11. Bb2 Bf6 12. Qc2 g6 13. Bxd4 Bxd4 14. Nxd4 e5 15.
Nf3 exf4 16. Qc3 a5 17. bxa5 fxg3 18. hxg3 Qf6 19. Qxf6 Nxf6 20. Nd4 Rxa5 21.
Nb3 Rg5 22. Kf2 Re8 23. Bd3 Bf5 24. Bxf5 Rxf5+ 25. Ke1 Rg5 26. Rg1 Ne4 27. Nd4
Rxg3 28. Rxg3 Nxg3 29. e3 h5 30. c5 h4 31. Nf3 h3 32. Rb1 g5 33. Rxb7 g4 34.
Nh2 f5 35. Nf1 f4 36. Nxg3 fxg3 37. Rb4 h2 0-1

[Event "4NCL Division One"]
[Site "Daventry, ENG"]
[Date "2024.05.04"]
[EventDate "2024.05.04"]
[Round "9.18"]
[White "Hunt, Harriet V"]
[WhiteTitle "IM"]
[WhiteElo "2369"]
[WhiteTeam "Wood Green"]
[Black "Cosman, Andreea-Marioara"]
[BlackTitle "WFM"]
[BlackElo "2176"]
[BlackTeam "Chessable White Rose 1"]
[Result "1/2-1/2"]

1. e4 c5 2. Nc3 d6 3. f4 Nc6 4. Nf3 g6 5. Bc4 Bg7 6. O-O e6 7. d4 cxd4 8. Nb5
Nge7 9. Bb3 O-O 10. Nbxd4 d5 11. e5 Nxd4 12. Nxd4 Nc6 13. Be3 Bd7 14. Qe2 a6
15. a4 Na5 16. Rfd1 Rc8 17. Qf2 Nc4 18. Bxc4 Rxc4 19. a5 f6 20. exf6 Qxf6 21.
c3 e5 22. fxe5 Qxe5 23. Qd2 Qh5 24. Rf1 Rcc8 25. Nf3 Rce8 26. Rae1 Bc6 27. Bc5
Bh6 28. Qf2 Rxe1 29. Rxe1 Rf7 30. Bd4 Bf4 31. Qh4 Qxh4 32. Nxh4 Bb5 33. Nf3 Bd3
34. Be3 Bd6 35. b4 Be4 36. Ng5 Re7 37. Bd2 Be5 38. g3 Bf6 39. Kf2 Rc7 40. Nxe4
dxe4 41. Rxe4 Kf7 42. c4 g5 43. g4 Kg6 44. h3 h5 45. Ke2 Rc6 46. c5 hxg4 47.
hxg4 Kf7 48. Kd3 Rc8 49. Be3 Rh8 50. Bd4 Rd8 51. Kc4 Be7 52. Re5 Rc8 53. Be3
Rg8 54. b5 axb5+ 55. Kxb5 Rg6 56. Re4 Ke8 57. Kc4 Kd7 58. Kd5 Ra6 59. Rb4 Kc8
60. Rb5 Bd8 61. Bd2 Rh6 62. Rb1 Rh3 63. Ke4 Rh2 64. Be3 Ra2 65. Rb5 Bxa5 66.
Bxg5 Kc7 67. Kd5 Ra4 68. Bf6 b6 69. g5 Rg4 70. Rb3 bxc5 71. Rh3 Bd2 72. Rh7+
Kb6 73. Bd8+ Ka6 74. Kc6 Ba5 75. Bf6 c4 76. Rh8 Bb6 77. Rh3 Ba5 78. Rh8 Bb6 79.
Rh3 Ba5 80. Rh8 1/2-1/2

[Event "4NCL Division One"]
[Site "Daventry, ENG"]
[Date "2024.05.04"]
[EventDate "2024.05.04"]
[Round "9.21"]
[White "Svane, Rasmus"]
[WhiteTitle "GM"]
[WhiteElo "2627"]
[WhiteTeam "Manx Liberty"]
[Black "Chow, Samuel"]
[BlackTitle "FM"]
[BlackElo "2350"]
[BlackTeam "Chessable White Rose 2"]
[Result "1/2-1/2"]

1. Nf3 Nf6 2. d4 g6 3. c4 Bg7 4. e3 O-O 5. Be2 c5 6. d5 e6 7. Nc3 exd5 8. cxd5
d6 9. Nd2 Na6 10. O-O Nc7 11. e4 Re8 12. a4 b6 13. f3 a6 14. Nc4 Rb8 15. Bf4
Nh5 16. Bxd6 b5 17. axb5 axb5 18. Ra7 bxc4 19. Bxc7 Qg5 20. f4 Qh4 21. Bxh5
Rxb2 22. Bf3 Bxc3 23. Qa4 Bd7 24. Qd1 Bd4+ 1/2-1/2

[Event "4NCL Division One"]
[Site "Daventry, ENG"]
[Date "2024.05.04"]
[EventDate "2024.05.04"]
[Round "9.22"]
[White "Townsend, M Paul"]
[WhiteElo "2203"]
[WhiteTeam "Chessable White Rose 2"]
[Black "Shirov, Alexei"]
[BlackTitle "GM"]
[BlackElo "2661"]
[BlackTeam "Manx Liberty"]
[Result "0-1"]

1. d4 Nf6 2. c4 e6 3. g3 c5 4. d5 exd5 5. cxd5 g6 6. Nc3 d6 7. Nf3 Bg7 8. Bg2
O-O 9. O-O Re8 10. Bf4 a6 11. a4 Ne4 12. Nxe4 Rxe4 13. Nd2 Rd4 14. Ra3 b5 15.
axb5 Bb7 16. b6 a5 17. Ra4 Rxa4 18. Qxa4 Nd7 19. Nc4 Nxb6 20. Nxb6 Qxb6 21. b3
Bf6 22. h4 h5 23. Bf3 Qd8 24. Rd1 Bc8 25. Qc6 Ra6 26. Qb5 Qd7 27. Qd3 Rb6 28.
Bd2 a4 29. bxa4 Qxa4 30. Rc1 Bf5 31. e4 Rb3 32. Qc2 Bd7 33. Bd1 c4 34. Qxc4
Qxc4 35. Rxc4 Rd3 36. Rc2 Ba4 37. Rc8+ Kg7 38. Bxa4 Rxd2 39. Rc2 Rd4 40. Bb3
Rxe4 41. Kf1 Rb4 42. Bc4 Bd4 43. Ke2 Kf6 44. Kd3 Bc5 45. Ke4 g5 46. hxg5+ Kxg5
47. Kf3 f5 48. Kg2 f4 49. gxf4+ Kxf4 50. Be2 Kg5 51. Bc4 Ra4 52. Rc3 h4 53. Rc2
Ra3 54. Be2 Bd4 55. Rd2 h3+ 56. Kg1 Be5 57. Rd3 Ra2 58. Re3 Ra1+ 0-1

[Event "4NCL Division One"]
[Site "Daventry, ENG"]
[Date "2024.05.04"]
[EventDate "2024.05.04"]
[Round "9.23"]
[White "Svane, Frederik"]
[WhiteTitle "GM"]
[WhiteElo "2627"]
[WhiteTeam "Manx Liberty"]
[Black "Carroll, Thomas"]
[BlackElo "2249"]
[BlackTeam "Chessable White Rose 2"]
[Result "1-0"]

1. e4 c5 2. Nf3 d6 3. Bb5+ Nd7 4. c4 a6 5. Ba4 e5 6. Nc3 Ngf6 7. d3 g6 8. O-O
Bg7 9. a3 O-O 10. b4 b6 11. Rb1 Qc7 12. Bd2 Bb7 13. h3 Rfb8 14. Nh2 cxb4 15.
axb4 Bc6 16. Bb3 Qd8 17. Ng4 Nxg4 18. Qxg4 a5 19. Bc2 axb4 20. Rxb4 Nc5 21.
Rfb1 Ra3 22. Qd1 Bf6 23. Qc1 Ra6 24. Be3 Qd7 25. Qd2 Qb7 26. f4 exf4 27. Bxf4
Bd4+ 28. Kh1 Qe7 29. Nb5 Be5 30. Bg5 f6 31. Be3 Bg3 32. Nd4 Bd7 33. Ne2 Bh4 34.
Nc3 Bc6 35. Rf1 Re8 36. Bd4 Rf8 37. Rfb1 Rb8 38. R4b2 Bg5 39. Qf2 Qe6 40. h4
Bh6 41. Qxf6 Qxf6 42. Bxf6 Nd7 43. Bd4 Bg7 44. Bxg7 Kxg7 45. Kg1 Rf8 46. Ne2
Rfa8 47. Nd4 Ba4 48. Bxa4 Rxa4 49. Nb5 Kf6 50. Rf1+ Ke7 51. Rbf2 Rf8 52. Rxf8
Nxf8 53. Nxd6 Nd7 54. Nb5 Ra2 55. Nc3 Ra3 56. Nd5+ Kd6 57. d4 Ra4 58. Rf7 Ra1+
59. Kh2 Rd1 60. e5+ Kc6 61. e6 1-0

[Event "4NCL Division One"]
[Site "Daventry, ENG"]
[Date "2024.05.04"]
[EventDate "2024.05.04"]
[Round "9.24"]
[White "Li, Harry"]
[WhiteElo "2245"]
[WhiteTeam "Chessable White Rose 2"]
[Black "Lupulescu, Constantin"]
[BlackTitle "GM"]
[BlackElo "2589"]
[BlackTeam "Manx Liberty"]
[Result "1/2-1/2"]

1. e4 c5 2. Nf3 e6 3. d4 cxd4 4. Nxd4 Nf6 5. Nc3 Nc6 6. a3 d6 7. Be3 Be7 8. f3
d5 9. exd5 Nxd5 10. Nxd5 Qxd5 11. Nxc6 bxc6 12. c4 Qxd1+ 13. Kxd1 a5 14. b3 c5
15. a4 Kd7 16. Kc2 Kc6 17. Bd3 f5 18. Rae1 Bf6 19. Bf4 Ra7 20. Be5 Bxe5 21.
Rxe5 Rd8 22. f4 Rd4 23. g3 Rf7 24. Be2 Rf8 25. Bf3+ Kb6 26. Rd1 Rxd1 27. Kxd1
Bd7 28. Kd2 Rf6 29. Ke3 Bc6 30. b4 Bxf3 31. bxc5+ Kc6 32. Kxf3 Rf7 33. Ke3 Rd7
34. Rxe6+ Kxc5 35. Re5+ Kxc4 36. Rxa5 g6 37. Re5 Rd3+ 38. Kf2 Ra3 39. a5 Ra2+
40. Kg1 Kd4 41. h4 Ra1+ 42. Kg2 Ra2+ 43. Kf1 Ra3 44. Kf2 h5 45. Kg2 Ra1 46. Kf3
1/2-1/2

[Event "4NCL Division One"]
[Site "Daventry, ENG"]
[Date "2024.05.04"]
[EventDate "2024.05.04"]
[Round "9.25"]
[White "Erdos, Viktor"]
[WhiteTitle "GM"]
[WhiteElo "2545"]
[WhiteTeam "Manx Liberty"]
[Black "Chan, Sheng Liang Bernard"]
[BlackElo "2194"]
[BlackTeam "Chessable White Rose 2"]
[Result "1-0"]

1. d4 Nf6 2. c4 e6 3. Nf3 d5 4. Bg5 Be7 5. Nc3 O-O 6. e3 b6 7. Be2 Bb7 8. Bxf6
Bxf6 9. cxd5 exd5 10. b4 c5 11. bxc5 bxc5 12. Rb1 Bc6 13. O-O Nd7 14. Bb5 Qc7
15. Qd3 Rfd8 16. Rfc1 c4 17. Qf5 Nb6 18. a4 Nc8 19. Bxc6 Qxc6 20. Rb5 Ne7 21.
Qf4 Ng6 22. Qg4 a6 23. Rb2 Rab8 24. Rcb1 Rxb2 25. Rxb2 Be7 26. Qf5 Bf6 27. Qb1
Be7 28. Rb6 Qa8 29. a5 Bd6 30. Rb7 Ne7 31. Qb6 Rb8 32. Rxb8+ Qxb8 33. Qxa6 Bb4
34. Nb5 c3 35. Ne1 Qd8 36. Qb6 Bxa5 37. Qxd8+ Bxd8 38. Kf1 f5 39. Nxc3 Kf7 40.
Nd3 Bc7 41. h3 g5 42. g4 fxg4 43. hxg4 Kg6 44. Nb4 Bd6 45. Nbxd5 Nc6 46. Ne4
Bb8 47. Ndf6 1-0

[Event "4NCL Division One"]
[Site "Daventry, ENG"]
[Date "2024.05.04"]
[EventDate "2024.05.04"]
[Round "9.26"]
[White "Walton, Alan J"]
[WhiteTitle "CM"]
[WhiteElo "2034"]
[WhiteTeam "Chessable White Rose 2"]
[Black "Jaracz, Pawel"]
[BlackTitle "GM"]
[BlackElo "2472"]
[BlackTeam "Manx Liberty"]
[Result "0-1"]

1. d4 d5 2. c4 e6 3. Nc3 Nf6 4. cxd5 exd5 5. Bg5 Be7 6. Qc2 Nbd7 7. e3 c6 8.
Bd3 Nh5 9. Bxe7 Qxe7 10. Nge2 g6 11. O-O-O Nb6 12. h3 Bd7 13. Kb1 Ng7 14. Rhe1
O-O 15. Nc1 Bf5 16. g4 Bxd3 17. Nxd3 Qh4 18. Rh1 Rae8 19. Rdg1 Ne6 20. Ne5 c5
21. dxc5 Nxc5 22. Nf3 Qf6 23. Nd4 Ne6 24. Rd1 Rc8 25. Qe2 Rfd8 26. h4 Rc4 27.
Nc2 Rxc3 28. bxc3 Na4 29. Rd3 Nxc3+ 30. Rxc3 Qxc3 31. Rd1 Rd6 0-1

[Event "4NCL Division One"]
[Site "Daventry, ENG"]
[Date "2024.05.04"]
[EventDate "2024.05.04"]
[Round "9.27"]
[White "Parligras, Mircea-Emilian"]
[WhiteTitle "GM"]
[WhiteElo "2557"]
[WhiteTeam "Manx Liberty"]
[Black "Burnett, Jim"]
[BlackElo "2014"]
[BlackTeam "Chessable White Rose 2"]
[Result "1-0"]

1. d4 d5 2. c4 e6 3. Nf3 c6 4. e3 Nf6 5. Bd3 Nbd7 6. b3 b6 7. Bb2 Bb7 8. O-O
Be7 9. Nbd2 O-O 10. Qe2 Qc7 11. Ne5 Rad8 12. f4 c5 13. Rac1 Qb8 14. Kh1 Qa8 15.
Rfd1 Ne4 16. cxd5 Bxd5 17. Nxe4 Bxe4 18. Bxe4 Qxe4 19. Qf3 Qxf3 20. Nxf3 Rc8
21. dxc5 Nxc5 22. Ba3 Rfd8 23. Kg1 Kf8 24. Rd4 Nb7 25. Rxd8+ Rxd8 26. Bxe7+
Kxe7 27. Ne5 Kf6 28. Rc7 Rd1+ 29. Kf2 Nd6 30. Ke2 Rg1 31. g4 Rg2+ 32. Kf3 Rxa2
33. g5+ Kf5 34. Rxf7+ Nxf7 35. e4# 1-0

[Event "4NCL Division One"]
[Site "Daventry, ENG"]
[Date "2024.05.04"]
[EventDate "2024.05.04"]
[Round "9.32"]
[White "Bazakutsa, Svyatoslav"]
[WhiteTitle "FM"]
[WhiteElo "2423"]
[WhiteTeam "Wood Green Youth"]
[Black "Fernandez, Daniel Howard"]
[BlackTitle "GM"]
[BlackElo "2528"]
[BlackTeam "The Sharks 1"]
[Result "0-1"]

1. c4 Nf6 2. Nc3 e6 3. e4 c5 4. e5 Ng8 5. d4 cxd4 6. Qxd4 Nc6 7. Qf4 d6 8. Nf3
Nh6 9. Qe4 Nxe5 10. Nxe5 dxe5 11. Bxh6 gxh6 12. Qxe5 Rg8 13. Rd1 Bd7 14. Ne4
Bg7 15. Nd6+ Kf8 16. Qc5 Qe7 17. Nxb7 Rc8 18. Qd6 Bc6 19. Na5 Ba8 20. Qd2 Bf6
21. h4 Kg7 22. Rh3 Rgd8 23. Rg3+ Kh8 24. Qxh6 Qb4+ 25. Rd2 Be5 26. Bd3 f5 27.
Nb3 Rc7 28. Re3 Bxb2 29. Ke2 Bc3 30. Rd1 Qa4 31. Nc1 Rb7 32. Qxe6 Rb2+ 33. Kf1
Qxd1+ 34. Re1 Qxe1+ 35. Qxe1 Bxg2+ 36. Kxg2 Bxe1 0-1

[Event "4NCL Division One"]
[Site "Daventry, ENG"]
[Date "2024.05.04"]
[EventDate "2024.05.04"]
[Round "9.33"]
[White "Makkar, Rajat"]
[WhiteTitle "FM"]
[WhiteElo "2452"]
[WhiteTeam "The Sharks 1"]
[Black "Czopor, Maciej"]
[BlackTitle "FM"]
[BlackElo "2363"]
[BlackTeam "Wood Green Youth"]
[Result "1/2-1/2"]

1. c4 e6 2. g3 d5 3. Bg2 Nf6 4. Nf3 d4 5. O-O c5 6. e3 Nc6 7. exd4 cxd4 8. d3
Bd6 9. Bg5 h6 10. Bxf6 Qxf6 11. Nbd2 Qe7 12. Re1 O-O 13. Nb3 Qf6 14. c5 Bc7 15.
Rc1 Rd8 16. Nbd2 Qe7 17. Qa4 a5 18. a3 Bd7 19. Nxd4 Nxd4 20. Qxd4 Bb5 21. Qc3
Rxd3 22. Qc2 Rad8 23. Ne4 R3d4 24. Qc3 Rd3 25. Qc2 R3d4 26. Qc3 Rd3 27. Qc2
R3d4 1/2-1/2

[Event "4NCL Division One"]
[Site "Daventry, ENG"]
[Date "2024.05.04"]
[EventDate "2024.05.04"]
[Round "9.34"]
[White "Yao, Lan"]
[WhiteTitle "WGM"]
[WhiteElo "2370"]
[WhiteTeam "Wood Green Youth"]
[Black "Ghasi, Ameet K"]
[BlackTitle "IM"]
[BlackElo "2486"]
[BlackTeam "The Sharks 1"]
[Result "0-1"]

1. e4 d6 2. d4 g6 3. Nc3 Nf6 4. f4 Bg7 5. Nf3 O-O 6. e5 dxe5 7. fxe5 Nd5 8.
Nxd5 Qxd5 9. Be2 c5 10. c3 cxd4 11. cxd4 Nc6 12. O-O Bf5 13. Qa4 Rac8 14. Be3
Qd7 15. Qa3 Rfd8 16. Rad1 h6 17. Bb5 Be4 18. Nd2 Bxg2 19. Kxg2 Qd5+ 20. Kg1
Qxb5 21. Qb3 Qxb3 22. Nxb3 Nb4 23. a3 Nd5 24. Bf2 Rc2 25. Rd2 Rxd2 26. Nxd2 Rc8
27. Ne4 Rc2 28. Rb1 b6 29. Kf1 f6 30. exf6 Nxf6 31. Nxf6+ Bxf6 32. b3 Kf7 33.
Re1 Rxf2+ 34. Kxf2 Bh4+ 0-1

[Event "4NCL Division One"]
[Site "Daventry, ENG"]
[Date "2024.05.04"]
[EventDate "2024.05.04"]
[Round "9.35"]
[White "Roberson, Peter T"]
[WhiteTitle "IM"]
[WhiteElo "2485"]
[WhiteTeam "The Sharks 1"]
[Black "O'Donnell, Conor"]
[BlackTitle "FM"]
[BlackElo "2362"]
[BlackTeam "Wood Green Youth"]
[Result "1/2-1/2"]

1. e4 e5 2. Nf3 Nf6 3. d4 Nxe4 4. Bd3 d5 5. Nxe5 Nd7 6. Nc3 Nxe5 7. dxe5 Nxc3
8. bxc3 Bc5 9. O-O O-O 10. Qh5 g6 11. Qh6 Re8 12. Bg5 Bf8 13. Bxd8 Bxh6 14.
Bxc7 Bf5 15. Rfd1 Bxd3 16. Rxd3 Rac8 17. Bd6 Bf8 18. Rb1 b6 19. g3 Bxd6 20.
exd6 Red8 21. Rxd5 Rxc3 22. Rd2 Rc6 23. d7 Rc7 24. Rbd1 Kf8 25. Kg2 Ke7 26.
Re2+ Kf8 27. Red2 Ke7 28. Re2+ Kf8 1/2-1/2

[Event "4NCL Division One"]
[Site "Daventry, ENG"]
[Date "2024.05.04"]
[EventDate "2024.05.04"]
[Round "9.36"]
[White "Willow, Jonah B"]
[WhiteTitle "IM"]
[WhiteElo "2450"]
[WhiteTeam "Wood Green Youth"]
[Black "Grieve, Harry"]
[BlackTitle "IM"]
[BlackElo "2477"]
[BlackTeam "The Sharks 1"]
[Result "1-0"]

1. e4 e5 2. Nf3 Nc6 3. Bb5 a6 4. Ba4 f5 5. d4 exd4 6. e5 b5 7. Bb3 Na5 8. Qxd4
Bb7 9. Bd5 c6 10. Bxg8 Rxg8 11. Qd3 g6 12. O-O Be7 13. Re1 Qc7 14. Qd6 Qd8 15.
Qd3 Qc7 16. Bg5 Bxg5 17. Nxg5 Rg7 18. e6 d5 19. Nf7 Nc4 20. b3 Nd6 21. Qg3 Ke7
22. Nd2 Rc8 23. Qe5 Ne8 24. Qd4 c5 25. Qh4+ Kf8 26. Nf3 Qe7 27. Qf4 Nf6 28. Nd6
Rc6 29. Nxb7 Qxb7 30. Ne5 Rb6 31. Nf7 Ke7 32. Rad1 Ne4 33. Qh6 Kf6 34. Rxe4 1-0

[Event "4NCL Division One"]
[Site "Daventry, ENG"]
[Date "2024.05.04"]
[EventDate "2024.05.04"]
[Round "9.37"]
[White "Slaby, Jerzy"]
[WhiteTitle "IM"]
[WhiteElo "2465"]
[WhiteTeam "The Sharks 1"]
[Black "Jackson, James P"]
[BlackTitle "IM"]
[BlackElo "2371"]
[BlackTeam "Wood Green Youth"]
[Result "1-0"]

1. e4 e5 2. Nf3 Nc6 3. Bb5 a6 4. Ba4 Nf6 5. d3 b5 6. Bb3 Bc5 7. Nc3 h6 8. h3 d6
9. Be3 Bxe3 10. fxe3 Na5 11. O-O O-O 12. Qe1 Nxb3 13. axb3 c6 14. g4 Ra7 15.
Qg3 Re8 16. Rf2 d5 17. exd5 cxd5 18. Rg2 d4 19. exd4 exd4 20. Nxb5 Rd7 21. Na3
Bb7 22. Nc4 Nd5 23. g5 Ne3 24. gxh6 g6 25. Rf2 Rd5 26. Nfe5 Rdxe5 27. Nxe5 Qd5
28. h7+ Kh8 29. Nxf7+ Kg7 30. Kh2 Nf5 31. Rxf5 Qxf5 32. h8=Q+ Rxh8 33. Nxh8 1-0

[Event "4NCL Division One"]
[Site "Daventry, ENG"]
[Date "2024.05.04"]
[EventDate "2024.05.04"]
[Round "9.38"]
[White "Kalaiyalahan, Akshaya"]
[WhiteTitle "FM"]
[WhiteElo "2236"]
[WhiteTeam "Wood Green Youth"]
[Black "Garcia Martin, Marta"]
[BlackTitle "IM"]
[BlackElo "2420"]
[BlackTeam "The Sharks 1"]
[Result "1-0"]

1. Nf3 g6 2. d4 Bg7 3. c4 c5 4. Nc3 cxd4 5. Nxd4 Nc6 6. Nb3 d6 7. e4 a5 8. Be3
a4 9. Nd4 a3 10. b3 Nh6 11. Be2 f5 12. Rc1 O-O 13. O-O f4 14. Nxc6 bxc6 15. Bd2
g5 16. f3 Bd4+ 17. Kh1 e5 18. Na4 c5 19. Nc3 Ra7 20. Nb5 Rg7 21. Nxd4 exd4 22.
b4 Be6 23. Qa4 Qa8 24. Qxa8 Rxa8 25. g3 fxg3 26. hxg3 Nf7 27. f4 Re8 28. Bf3
Bh3 29. Rfe1 Re6 30. bxc5 dxc5 31. e5 gxf4 32. Bxf4 Rb6 33. Rb1 Rgg6 34. Be4
Rxb1 35. Rxb1 Ra6 36. Bd5 Be6 37. Rb5 d3 38. Rxc5 d2 39. Bxd2 Bxd5+ 40. Rxd5
Kf8 41. Bb4+ Ke8 42. Kg2 Ra4 43. Rb5 Nd8 44. Rb6 Kd7 45. c5 h5 46. Kh3 Ne6 47.
Kh4 Nxc5 48. Kxh5 Ne4 49. Be1 Rc4 50. e6+ Ke8 51. Bb4 Nxg3+ 52. Kg6 Rg4+ 53.
Kf6 Nh5+ 1-0

[Event "4NCL Division One"]
[Site "Daventry, ENG"]
[Date "2024.05.04"]
[EventDate "2024.05.04"]
[Round "9.41"]
[White "Gormally, Daniel W"]
[WhiteTitle "GM"]
[WhiteElo "2415"]
[WhiteTeam "Blackthorne"]
[Black "Pein, Malcolm"]
[BlackTitle "IM"]
[BlackElo "2334"]
[BlackTeam "Celtic Tigers 1"]
[Result "1-0"]

1. e4 e5 2. Nf3 Nc6 3. Bb5 a6 4. Ba4 Nf6 5. O-O Be7 6. Re1 b5 7. Bb3 O-O 8. d3
Bb7 9. a4 d6 10. Nc3 Na5 11. Ba2 b4 12. Ne2 c5 13. Bd2 Nc6 14. Ng3 Bc8 15. c3
Rb8 16. Bc4 Na5 17. cxb4 Nxc4 18. dxc4 cxb4 19. a5 Qc7 20. b3 Bd7 21. h3 Bc6
22. Bg5 Qb7 23. Nf5 Rfe8 24. Bxf6 Bxf6 25. Nxd6 Qa8 26. Nxe8 Rxe8 27. Qd3 Bd8
28. c5 Bc7 29. Qc4 Qb7 30. Red1 h6 31. Nh4 g6 32. Rd5 Re6 33. Nf3 Rf6 34. Rad1
Rf4 35. Nxe5 Bxd5 36. Rxd5 Bxa5 37. c6 Qb6 38. Nd3 Rf6 39. Rxa5 Rxc6 40. Rc5
1-0

[Event "4NCL Division One"]
[Site "Daventry, ENG"]
[Date "2024.05.04"]
[EventDate "2024.05.04"]
[Round "9.42"]
[White "Horton, Jamie A"]
[WhiteElo "2255"]
[WhiteTeam "Celtic Tigers 1"]
[Black "Ansell, Simon T"]
[BlackTitle "IM"]
[BlackElo "2403"]
[BlackTeam "Blackthorne"]
[Result "1/2-1/2"]

1. d4 d5 2. c4 c6 3. cxd5 cxd5 4. Bg5 f6 5. Bd2 Nc6 6. Nc3 e5 7. e4 dxe4 8.
dxe5 fxe5 9. Bc4 Nf6 10. Nge2 Bc5 11. h3 Bf5 12. Bg5 Qxd1+ 13. Rxd1 Rc8 14. Ng3
Bg6 15. Be6 Rd8 16. Rxd8+ Nxd8 17. Bb3 Nc6 18. O-O Nd4 19. Ba4+ Kf7 20. Re1 h6
21. Bh4 Bb4 22. a3 Bxc3 23. bxc3 Nf5 24. Bb3+ Ke7 25. Bxf6+ gxf6 26. Nxe4 Rc8
27. Bd5 Nd6 28. Nxd6 Kxd6 29. Bxb7 Rxc3 30. Ra1 Kc5 31. Ba6 Be4 32. h4 Bc6 33.
Kh2 f5 34. f3 f4 35. Kg1 Bd5 36. Kf2 Rc2+ 37. Kg1 e4 38. fxe4 Bxe4 39. Bf1 a5
40. Re1 Kd4 41. Rd1+ Ke5 42. Rd8 Ra2 43. Rh8 Rxa3 44. Rxh6 Ra1 45. Kf2 a4 46.
Rh5+ Kd4 47. Be2 Ra2 48. Rh8 Bxg2 49. Kxg2 Rxe2+ 1/2-1/2

[Event "4NCL Division One"]
[Site "Daventry, ENG"]
[Date "2024.05.04"]
[EventDate "2024.05.04"]
[Round "9.43"]
[White "Ledger, Andrew J"]
[WhiteTitle "IM"]
[WhiteElo "2365"]
[WhiteTeam "Blackthorne"]
[Black "Hoffmann, Hendrik"]
[BlackTitle "FM"]
[BlackElo "2264"]
[BlackTeam "Celtic Tigers 1"]
[Result "1-0"]

1. d4 Nf6 2. c4 g6 3. Nc3 Bg7 4. e4 d6 5. f3 O-O 6. Bg5 c5 7. d5 h6 8. Be3 e6
9. Qd2 exd5 10. cxd5 a6 11. a4 Re8 12. Bd3 Nbd7 13. Be2 Ne5 14. Bxh6 Qa5 15.
Bxg7 Kxg7 16. g4 b5 17. Nd1 b4 18. Nf2 c4 19. Qd4 Bd7 20. Ngh3 Kg8 21. O-O Rac8
22. g5 Nh5 23. f4 Nd3 24. Bxd3 cxd3 25. Qxd3 Qc5 26. Kg2 Qc2 27. Qxc2 Rxc2 28.
Kf3 Bxh3 29. Nxh3 Rxh2 30. Nf2 Rh4 31. Rac1 Rxf4+ 32. Ke3 Rf5 33. Ng4 Rxg5 34.
Nh6+ Kg7 35. Nxf7 Rg3+ 36. Kd4 Re7 37. Nxd6 Rg4 38. Rc6 a5 39. Re1 Nf4 40. Kc4
Rg2 41. Rf1 Ne2 42. e5 Rg4+ 43. Kc5 Nd4 44. Ra6 Nb3+ 45. Kc6 Rg5 46. Nc4 Rg4
47. Kd6 Re8 48. Ra7+ Kh6 49. Nxa5 Nd2 50. Rh1+ Kg5 51. e6 Ne4+ 52. Kc6 Rg2 53.
b3 Rd2 54. Nc4 Rd4 55. Rg1+ Kh6 56. Ne5 Rc8+ 57. Kd7 Rc5 58. Nf7+ Kg7 59. d6
Rcd5 60. Ke8 Kf6 61. Rf1+ Rf5 62. Rxf5+ gxf5 63. e7 Ke6 64. Kf8 Nf6 65. e8=Q+
Nxe8 66. Kxe8 Rg4 67. Re7+ Kf6 68. Kf8 1-0

[Event "4NCL Division One"]
[Site "Daventry, ENG"]
[Date "2024.05.04"]
[EventDate "2024.05.04"]
[Round "9.44"]
[White "Pein, Jonathan"]
[WhiteTitle "FM"]
[WhiteElo "2308"]
[WhiteTeam "Celtic Tigers 1"]
[Black "Bates, Richard A"]
[BlackTitle "IM"]
[BlackElo "2381"]
[BlackTeam "Blackthorne"]
[Result "1-0"]

1. e4 c5 2. Nf3 d6 3. Nc3 Nf6 4. d4 cxd4 5. Qxd4 e5 6. Bb5+ Nbd7 7. Qd3 h6 8.
Be3 Be7 9. Bc4 a6 10. a4 O-O 11. O-O Qc7 12. Nh4 Nc5 13. Bxc5 Qxc5 14. Bb3 Re8
15. Nf5 Bxf5 16. exf5 Rac8 17. Rad1 Red8 18. Rfe1 Kf8 19. g3 Rc7 20. Qe2 Qb4
21. Rd3 b5 22. axb5 axb5 23. Red1 Rc5 24. h4 Rdc8 25. Nd5 Nxd5 26. Rxd5 Rxd5
27. Rxd5 Rc5 28. Rxc5 Qxc5 29. Qf3 d5 30. Bxd5 Qc7 31. Bb3 Bc5 32. Kg2 Ke7 33.
Qh5 Qc6+ 34. f3 Qf6 35. Qg4 Kf8 36. Qe4 Kg8 37. Qa8+ Bf8 38. Qd5 b4 39. g4 h5
40. Qc4 e4 41. Qxe4 hxg4 42. fxg4 Qxh4 43. Bxf7+ Kh8 44. Bb3 Qf6 45. Qd5 Kh7
46. Kf3 Kh6 47. Qd2+ 1-0